Virtuálna registračná pokladnica
Virtuálna registračná pokladnica - registrácia, prihlásenie a odhlásenie z aplikácie, používanie VRP na viacerých predajných miestach, prerušenie prevádzky VRP, ukončenie používania VRP. Výhody a nevýhody používania VRP.
Gespeichert in:
| 1. Verfasser: | |
|---|---|
| Format: | Buchkapitel |
| Sprache: | Slowakisch |
| Schlagworte: | |
| Tags: |
Keine Tags, Fügen Sie das erste Tag hinzu!
|
MARC
| LEADER | 00000naa a2200000 4500 | ||
|---|---|---|---|
| 001 | 0225139 | ||
| 005 | 20231114112856.8 | ||
| 041 | 0 | |a slo | |
| 044 | |a SK | ||
| 245 | 1 | 0 | |a Virtuálna registračná pokladnica |c Jarmila Strählová |
| 520 | |a Virtuálna registračná pokladnica - registrácia, prihlásenie a odhlásenie z aplikácie, používanie VRP na viacerých predajných miestach, prerušenie prevádzky VRP, ukončenie používania VRP. Výhody a nevýhody používania VRP. | ||
| 610 | 2 | 0 | |a pokladnice registračné |
| 100 | 1 | |a Strählová, Jarmila | |